Qualitative methods : handbook of social science methods / (Record no. 7282)

000 -LEADER
fixed length control field 00548nam a2200169Ia 4500
008 - FIXED-LENGTH DATA ELEMENTS--GENERAL INFORMATION
fixed length control field 201217s9999 xx 000 0 und d
020 ## - INTERNATIONAL STANDARD BOOK NUMBER
International Standard Book Number 0829000860
100 ## - MAIN ENTRY--PERSONAL NAME
Personal name Smith, Robert B.
9 (RLIN) 4607
245 #0 - TITLE STATEMENT
Title Qualitative methods : handbook of social science methods /
260 ## - PUBLICATION, DISTRIBUTION, ETC. (IMPRINT)
Place of publication, distribution, etc Cambridge
Name of publisher, distributor, etc Ballinger Publishing Co.
Date of publication, distribution, etc 1982
300 ## - PHYSICAL DESCRIPTION
Extent 333p.
490 ## - SERIES STATEMENT
Volume number/sequential designation Vol. II
650 #0 - SUBJECT ADDED ENTRY--TOPICAL TERM
Topical term or geographic name as entry element Social sciences - Methodology
700 ## - ADDED ENTRY--PERSONAL NAME
9 (RLIN) 4609
Personal name Smith, Robert B.
9 (RLIN) 4610
Personal name Manning, Peter K.
942 ## - ADDED ENTRY ELEMENTS (KOHA)
Item type Books
Source of classification or shelving scheme
Holdings
Withdrawn status Lost status Source of classification or shelving scheme Damaged status Not for loan Permanent location Current location Date acquired Full call number Barcode Date last seen Koha item type
          IMU Kolkata IMU Kolkata 2020-12-17 301.072 S6421 PM02414 2020-12-17 Books
Designed and Maintained by IMU-KC Library, Kolkata Campus © Copyright All Rights Reserved

webs counters

Powered by Koha